<?xml version="1.0" encoding="UTF-8"?><?xml-stylesheet type="text/xsl" href="static/style.xsl"?><OAI-PMH xmlns="http://www.openarchives.org/OAI/2.0/" xmlns:xsi="http://www.w3.org/2001/XMLSchema-instance" xsi:schemaLocation="http://www.openarchives.org/OAI/2.0/ http://www.openarchives.org/OAI/2.0/OAI-PMH.xsd"><responseDate>2026-04-29T12:24:08Z</responseDate><request verb="GetRecord" identifier="oai:repisalud.isciii.es:20.500.12105/23035" metadataPrefix="marc">https://repisalud.isciii.es/rest/oai/request</request><GetRecord><record><header><identifier>oai:repisalud.isciii.es:20.500.12105/23035</identifier><datestamp>2024-09-13T09:15:57Z</datestamp><setSpec>com_20.500.12105_15322</setSpec><setSpec>com_20.500.12105_2051</setSpec><setSpec>col_20.500.12105_16967</setSpec></header><metadata><record xmlns="http://www.loc.gov/MARC21/slim" xmlns:dcterms="http://purl.org/dc/terms/" xmlns:doc="http://www.lyncode.com/xoai" xmlns:xsi="http://www.w3.org/2001/XMLSchema-instance" xsi:schemaLocation="http://www.loc.gov/MARC21/slim http://www.loc.gov/standards/marcxml/schema/MARC21slim.xsd">
   <leader>00925njm 22002777a 4500</leader>
   <datafield ind2=" " ind1=" " tag="042">
      <subfield code="a">dc</subfield>
   </datafield>
   <datafield ind2=" " ind1=" " tag="720">
      <subfield code="a">Muñoz Alonso, Yolanda</subfield>
      <subfield code="e">author</subfield>
   </datafield>
   <datafield ind2=" " ind1=" " tag="720">
      <subfield code="a">Castaño-Riera, Eusebi</subfield>
      <subfield code="e">author</subfield>
   </datafield>
   <datafield ind2=" " ind1=" " tag="720">
      <subfield code="a">Leiva Rus, Alfonso</subfield>
      <subfield code="e">author</subfield>
   </datafield>
   <datafield ind2=" " ind1=" " tag="720">
      <subfield code="a">Llagostera Pagès, Mercè</subfield>
      <subfield code="e">author</subfield>
   </datafield>
   <datafield ind2=" " ind1=" " tag="720">
      <subfield code="a">Llobera Cànaves, Joan</subfield>
      <subfield code="e">author</subfield>
   </datafield>
   <datafield ind2=" " ind1=" " tag="720">
      <subfield code="a">Salom Castell, M. Magdalena</subfield>
      <subfield code="e">author</subfield>
   </datafield>
   <datafield ind2=" " ind1=" " tag="720">
      <subfield code="a">Serratusell Sabater, Estefania</subfield>
      <subfield code="e">author</subfield>
   </datafield>
   <datafield ind2=" " ind1=" " tag="720">
      <subfield code="a">Serrano Jurado, Carlos</subfield>
      <subfield code="e">author</subfield>
   </datafield>
   <datafield ind2=" " ind1=" " tag="260">
      <subfield code="c">2020</subfield>
   </datafield>
   <datafield ind2=" " ind1=" " tag="520">
      <subfield code="a">Objetivo: Describir dónde fallecen las personas tributarias de recibir atención por servicios específicos de cuidados paliativos en la Comunidad Autónoma de les Illes Balears (CAIB) en los años 2015 y 2016. Método: Estudio descriptivo. Sujetos: personas fallecidas en la CAIB por causas susceptibles de requerir atención paliativa prestada por los servicios específicos de CP. Variables: lugar de fallecimiento, sector sanitario, causa, sexo y edad. Fuentes: registro de mortalidad de la CAIB y memorias de actividad de los Equipos de Soporte de Atención Domiciliaria y de la Unidad de Cuidados Paliativos Pediátricos del Hospital Son Espases. Resultados: En 2015 fallecieron en el domicilio 852 personas, mientras que en el año 2016 fueron 837. Representan el 31,2 y el 28,9 %, respectivamente, del total de fallecidos tributarios de recibir cuidados paliativos específicos. El número de personas que fallecen en el domicilio es distinto entre los sectores sanitarios de las islas con porcentajes que oscilan entre el 20,6 y el 48 %. También se han hallado diferencias en función del sexo de las personas fallecidas en domicilio, siendo menor en los hombres que en las mujeres. Conclusiones: Los porcentajes de fallecidos en domicilio en CAIB se encuentran alejados de las preferencias manifestadas en los estudios revisados. Existe variabilidad entre los sectores sanitarios de la Comunidad. Se han reducido los porcentajes de muerte en domicilio entre los años 2015 y 2016. Se identifican diferencias en función del sexo y de las patologías analizadas. Necesitamos avanzar en la disponibilidad de estándares.</subfield>
   </datafield>
   <datafield ind1="8" ind2=" " tag="024">
      <subfield code="a">Muñoz Alonso yolanda, Castaño Riera E, Leiva Rus A, Llagostera M, Llobera Canaves J, Salom Castell MM, et al. Lugar de muerte de las personas tributarias de recibir cuidados paliativos en las Illes Balears. Med Paliativa. 2020.</subfield>
   </datafield>
   <datafield ind1="8" ind2=" " tag="024">
      <subfield code="a">10.20986/medpal.2020.1089/2019</subfield>
   </datafield>
   <datafield ind1="8" ind2=" " tag="024">
      <subfield code="a">1134-248X</subfield>
   </datafield>
   <datafield ind1="8" ind2=" " tag="024">
      <subfield code="a">Medicina Paliativa</subfield>
   </datafield>
   <datafield ind1="8" ind2=" " tag="024">
      <subfield code="a">https://hdl.handle.net/20.500.13003/18771</subfield>
   </datafield>
   <datafield ind1="8" ind2=" " tag="024">
      <subfield code="a">https://hdl.handle.net/20.500.12105/23035</subfield>
   </datafield>
   <datafield ind2="0" ind1="0" tag="245">
      <subfield code="a">Lugar de muerte de las personas tributarias de recibir cuidados paliativos en las Illes Balears</subfield>
   </datafield>
</record></metadata></record></GetRecord></OAI-PMH>